National Report Slovakia EU-Tax

Daňové kompetencie v rámci legislatívy Európskeho spoločenstva. Vzájomná závislosť finančných systémov členských krajín EÚ. Modulovaná daň z pridanej hodnoty. Daň z príjmov spoločná pre EÚ. Daň z energií. Daňová povinnosť na tabak a alkohol. Komunikačná daň. Osobná daň z príjmov.

Saved in:
Bibliographic Details
Main Author: Kubicová, Jana, 1961-
Other Authors: Holczerová, Judita
Format: Book Chapter
Language:English
Subjects:
Tags: Add Tag
No Tags, Be the first to tag this record!

MARC

LEADER 00000naa$a2200000$$$4500
001 0084134
005 20240502083222.8
041 0 |a eng 
044 |a AT 
245 1 0 |a National Report Slovakia  |b EU-Tax  |c Jana Kubicová, Judita Holczerová 
520 |a Daňové kompetencie v rámci legislatívy Európskeho spoločenstva. Vzájomná závislosť finančných systémov členských krajín EÚ. Modulovaná daň z pridanej hodnoty. Daň z príjmov spoločná pre EÚ. Daň z energií. Daňová povinnosť na tabak a alkohol. Komunikačná daň. Osobná daň z príjmov. 
610 2 0 |a dane 
610 2 0 |a dane z hodnoty pridanej 
610 2 0 |a dane z príjmov 
610 2 0 |a clá 
610 2 0 |a tabak 
610 2 0 |a legislatíva 
610 2 0 |a Slovensko 
100 1 |a Kubicová, Jana, 1961- 
700 1 |a Holczerová, Judita